Catálogo

Vista normal Vista MARC

Entrada Personal Name

Número de registros utilizados en: 1

001 - CONTROL NUMBER

  • control field: 16976

003 - CONTROL NUMBER IDENTIFIER

  • control field: DLC

005 - DATE AND TIME OF LATEST TRANSACTION

  • control field: 20250411122718.0

008 - FIXED-LENGTH DATA ELEMENTS

  • fixed length control field: 200629n| azannaabn |a aaa

010 ## - LIBRARY OF CONGRESS CONTROL NUMBER

  • LC control number: n 2020184201

035 ## - SYSTEM CONTROL NUMBER

  • System control number: (DNLM)1857678

040 ## - CATALOGING SOURCE

  • Original cataloging agency: DNLM
  • Language of cataloging: spa
  • Transcribing agency: Mx-PuUPA
  • Description conventions: rda
  • Modifying agency: Mx-PuUPA

100 1# - HEADING--PERSONAL NAME

  • Personal name: Corral Varela, Montserrat,

374 ## - OCCUPATION

  • Occupation: Autor

375 ## - GENDER

  • Gender: mujer

377 ## - ASSOCIATED LANGUAGE

  • Language code: spa

400 1# - SEE FROM TRACING--PERSONAL NAME

  • Personal name: Varela, Montserrat Corral

670 ## - SOURCE DATA FOUND

  • Source citation: Evaluación neuropsicológica de la memoria, 2018:
  • Information found: title page (Montserrat Corral Varela) page 4 of cover (es profesora titular de Neuropsicología del Departamento de Psicología Clínica y Psicobiología de la Universidade de Santiago de Compostela)